Sermón del primer viernes de Quaresma que predicó en la parroquial de S. Mamed de Lisboa el R.P. Antonio de Vieira de la Compañia de Jesus

Detalles Bibliográficos
Autor principal: Viéira, Antonio (1608-1697)
Formato: Libro
Lenguaje:Undetermined
Spanish
Publicado: impresso en Madrid : por Julian de Paredes, 1678.
Materias:
Colección:Banco de datos
Acervo:Biblioteca Palafoxiana. Colección bibliográfica
Descripción Física:7 h. ; 4°
Tema general:Homilética
Notas:Título tomado del incipit opus Pie de imprenta tomado del colofón. Número de localización: 16086-C
LEADER 00738nam a2200181Ia 4500
008 150723s9999 xx 000 0 und d
041 0 |a spa 
050 0 |a PAFX BV4207 A3 
100 1 |a Viéira, Antonio (1608-1697) 
245 1 0 |a Sermón del primer viernes de Quaresma que predicó en la parroquial de S. Mamed de Lisboa el R.P. Antonio de Vieira de la Compañia de Jesus 
260 |a impresso en Madrid : por Julian de Paredes, 1678. 
300 |a 7 h. ; 4° 
500 |a Título tomado del incipit opus Pie de imprenta tomado del colofón. Número de localización: 16086-C 
501 |a Encuadernado con 16 obras 
650 1 0 |a Homilética 
942 |c PALALIB 
943 |g Biblioteca Palafoxiana. Colección bibliográfica 
999 |c 1054627  |d 1054627